| 000 | 00669nam a22001937a 4500 | ||
|---|---|---|---|
| 003 | NUST - PNEC | ||
| 005 | 20170116180804.0 | ||
| 008 | 150420b xxu||||| |||| 00| 0 eng d | ||
| 020 | _a- | ||
| 040 | _cLIBRARY | ||
| 082 | _a954.9 JAL | ||
| 100 |
_92790 _aJalibi Jameel |
||
| 245 |
_aPakistan, the identity of culture _cJameel Jalibi |
||
| 260 |
_aKarachi : _bRoyal Book Co., _cc1984. |
||
| 300 |
_aiv, 213 pages ; _c23 cm. |
||
| 650 |
_92789 _aPakistan _xGeneral |
||
| 856 | _uhttp://www.amazon.com/Pakistan-identity-culture-Jamil-Jalibi/dp/B0006EHXZA/ref=sr_1_3?s=books&ie=UTF8&qid=1429517951&sr=1-3&keywords=pakistan+the+identity+of+culture | ||
| 942 |
_2ddc _cBK |
||
| 999 |
_c63095 _d63095 |
||